00239 a2200085 450000100060000008200190000610000280002524500480005326000520010155412 a621.384135 MIR aMiron, Douglas B. Ph. D aSmall antenna design + CDcDouglas B. Miron aAmsterdambElsevier Butter worth henemannc2006